000 01166nam a22002177a 4500
999 _c80130
_d80130
005 20181129164124.0
010 _aHIN-100736 B-703749-758
020 _c350.00
_a9788189198329
035 _aHN-73082
035 _a B-703749-758
037 _bDBAD / PUB
082 _a302.34
100 _aसागर, अरूण 'आनन्द '
245 _aग्रुप डिस्कशन में सफलता कैसे पाएँ /
_cअरूण सागर 'आनन्द '
246 _aGroup Discussion mein safalta kasie paye
_bby Arun Sagar 'Anand'
260 _aनई दिल्ली
_bहरबंस लाल एण्ड संस
_c2013
_c2017
270 _aडी-38, निहाल विहार
_bनई दिल्ली
_e110041
300 _a160पृ.
_c22सेमी (सजिल्द)
942 _2ddc
_cHN
_mसागर
_h302.34